The Blackwell encyclopedic dictionary of human resource management

Αποθηκεύτηκε σε:
Λεπτομέρειες βιβλιογραφικής εγγραφής
Άλλοι συγγραφείς: Peters, Lawrence H. (Επιμελητής έκδοσης), Greer, Charles R. (Επιμελητής έκδοσης), Youngblood, Stuart A. (Επιμελητής έκδοσης)
Μορφή: Βιβλίο
Γλώσσα:English
Δημοσίευση: Malden : Blackwell Business, 1998
Σειρά:Blackwell encyclopedia of management
Θέματα:
Ετικέτες: Προσθήκη ετικέτας
Δεν υπάρχουν, Καταχωρήστε ετικέτα πρώτοι!

MARC

LEADER 00000cam a2200000 i 4500
001 1/7758
008 000622r19981997 eng d
020 |a 0-631-21079-2 (pbk.) 
020 |a 1-55786-943-X 
035 |l 10062403 
040 |a GR-MY-UA  |b gre  |e aacr 
041 0 |a eng 
082 0 |a Π 658.3003 
245 1 4 |a The Blackwell encyclopedic dictionary of human resource management /  |c edited by Lawrence H. Peters, Charles R. Greer, and Stuart A. Youngblood 
246 3 3 |a Encyclopedic dictionary of human resource management 
260 |a Malden :   |b Blackwell Business,   |c 1998 
300 |a xiii, 448 p.;  |c 25 cm. 
490 1 |a Blackwell encyclopedia of management 
504 |a Includes bibliographical references and indexes 
650 0 0 |a Personnel management  |x Dictionaries. 
700 1 |a Peters, Lawrence H.  |4 edt 
700 1 |a Greer, Charles R.  |4 edt 
700 1 |a Youngblood, Stuart A.  |4 edt 
830 0 |a Blackwell encyclopedia of management 
852 |a INST  |b CHIOS  |e 20000622  |h 658.3003 BLA  |p 005200017940  |q 005200017940  |t REF  |y 23 
852 |a INST  |b CHIOS  |e 20000629  |h 658.3003 BLA  |p 005200018231  |q 005200018231  |t REF  |y 23 
901 |a BIBL2-2000-2 
909 |a Χ  |b 075618 
909 |a Χ  |b 075891 
970 |z 2000/06/ΜΠΡΑΤΤΗΣ